| 000 | 00797cam a2200229 a 4500 | ||
|---|---|---|---|
| 001 | 000008245 | ||
| 005 | 20200929161322.0 | ||
| 008 | 780411s1971 ag 001 0 spa | ||
| 040 |
_aDO-SdBNP _bspa _cBNPHU |
||
| 082 |
_a864.5 _bA996c, 1971 |
||
| 100 | 1 |
_aAzorín, _d1874-1968 _q(José Martínez Ruiz) _922362 |
|
| 245 | 1 | 0 |
_aClásicos y modernos / _cAzorín. |
| 250 | _a6a. ed. | ||
| 260 |
_aBuenos Aires, Argentina : _bEditorial Losada, _c1971. |
||
| 300 |
_a192 p. ; _c18 cm. |
||
| 490 | 1 |
_aBiblioteca clásica y contemporánea _v37 |
|
| 500 | _aSeudónimo del autor., Azorín, a la cabeza del título. | ||
| 650 | 4 |
_aEnsayos españoles _93095 |
|
| 650 | 4 |
_aLiteratura española _9632 |
|
| 651 | 4 |
_aEspaña _xVida Intelectual _922363 |
|
| 830 | 0 |
_aBiblioteca clásica y contemporanea ; _v37 _913431 |
|
| 999 |
_c8016 _d8016 |
||